| 000 | 01150cam a2200373Ia 4500 | ||
|---|---|---|---|
| 999 |
_c5530 _d5530 |
||
| 001 | ocm71853132 | ||
| 003 | OCoLC | ||
| 005 | 20200505172753.0 | ||
| 008 | 061005s2006 enk b 001 0 eng d | ||
| 020 | _a1858113660 | ||
| 020 | _a9781858113661 | ||
| 035 | _a(OCoLC)71853132 | ||
| 040 |
_aCVU _beng _cTZ-ArACH |
||
| 043 | _ae-uk--- | ||
| 049 | _aTZAA | ||
| 050 | 4 |
_aKD7562 _b.G66 |
|
| 100 | 1 |
_aGoodman, Andrew, _cLL. B. |
|
| 245 | 1 | 0 |
_aReading, writing and analysing judgments : _bhow judges decide cases / _cAndrew Goodman. |
| 246 | 3 | 0 | _aHow judges decide cases |
| 250 | _aStudent ed. | ||
| 260 |
_aSt. Albans : _bXPL Law, _c2006. |
||
| 300 |
_axvi, 234 pages ; _c24 cm |
||
| 504 | _aIncludes bibliographical references (pages 229-231) and index. | ||
| 650 | 0 |
_aJudgments _zGreat Britain. |
|
| 650 | 0 |
_aJudicial process _zGreat Britain. |
|
| 650 | 0 | _aLegal composition. | |
| 650 | 0 |
_aPractice of law _zGreat Britain. |
|
| 650 | 7 |
_aJudgments. _2fast _93965 |
|
| 650 | 7 |
_aJudicial process. _2fast |
|
| 650 | 7 |
_aLegal composition. _2fast |
|
| 650 | 7 |
_aPractice of law. _2fast |
|
| 651 | 7 |
_aGreat Britain. _2fast |
|
| 942 |
_2lcc _cBOOK |
||